[Event "Ruhrgebiet Verbandsklasse Gruppe 1 1819"]
[Site "Nordrheinwestfalen"]
[Date "2018.10.07"]
[Round "2.2"]
[White "Struschka, Andreas"]
[Black "Grodotzki, Thomas"]
[Result "1/2-1/2"]
[WhiteElo "1922"]
[BlackElo "1964"]
[PlyCount "38"]
[EventDate "2018.09.23"]
[EventType "team-tourn"]
[EventRounds "9"]
[EventCountry "GER"]
[SourceTitle "EXT 2022"]
[Source "ChessBase"]
[SourceDate "2021.10.06"]
[SourceVersion "1"]
[SourceVersionDate "2021.10.06"]
[SourceQuality "1"]
[WhiteTeam "Steele/Kray Rochade II"]
[BlackTeam "Bergeborbeck Wacker"]
[WhiteTeamCountry "GER"]
[BlackTeamCountry "GER"]

1. e4 d5 2. exd5 Nf6 3. d4 Nxd5 4. c4 Nf6 5. Nf3 Bg4 6. Be2 e6 7. Qb3 Qc8 8. Nc3 Be7 9. Ne5 Bxe2 10. Nxe2 0-0 11. 0-0 c5 12. dxc5 Nbd7 13. Nxd7 Nxd7 14. Be3 Nxc5 15. Qc2 e5 16. Nc3 Ne6 17. Nd5 Re8 18. Rfd1 Bc5 19. Qf5 Bxe3 1/2-1/2

[Event "Ruhrgebiet Verbandsklasse Gruppe 1 1718"]
[Site "Germany"]
[Date "2018.02.25"]
[Round "7.3"]
[White "Grodotzki, Thomas"]
[Black "Pahne, Dirk"]
[Result "0-1"]
[WhiteElo "1941"]
[BlackElo "1909"]
[PlyCount "116"]
[EventDate "2017.09.17"]
[EventType "team-tourn"]
[EventRounds "9"]
[EventCountry "GER"]
[SourceTitle "EXT 2022"]
[Source "ChessBase"]
[SourceDate "2021.10.06"]
[SourceVersion "1"]
[SourceVersionDate "2021.10.06"]
[SourceQuality "1"]
[WhiteTeam "Bergeborbeck Wacker"]
[BlackTeam "Eving SV Rochade"]
[WhiteTeamCountry "GER"]
[BlackTeamCountry "GER"]

1. e4 c5 2. Nf3 g6 3. c3 d5 4. exd5 Qxd5 5. d4 Bg7 6. Be3 cxd4 7. cxd4 Nf6 8. Nc3 Qa5 9. Bc4 e6 10. 0-0 0-0 11. a3 Nbd7 12. Qd2 Nb6 13. Ba2 Qh5 14. Ne2 Qb5 15. Rac1 Nbd5 16. Rc5 Qb6 17. Ng3 Nxe3 18. fxe3 Bd7 19. Ne5 Rad8 20. Nc4 Qa6 21. Ra5 Qc6 22. Rc5 Qa6 23. Ra5 Qc6 24. Rxa7 Bc8 25. Ne5 Qb6 26. Ra5 Nd5 27. Nc4 Qc7 28. Rc5 Qe7 29. Ne2 b6 30. Rxd5 exd5 31. Nxb6 Bh6 32. Nf4 Bxf4 33. exf4 Be6 34. Na4 Bf5 35. Re1 Be4 36. Nc3 Qb7 37. Bb1 Bxb1 38. Rxb1 Rfe8 39. Kf2 Re6 40. Na4 Qe7 41. Nc5 Qh4+ 42. Kg1 Re7 43. Nd3 Re4 44. Nf2 Rxf4 45. g3 Rxd4 46. Qc3 Qf6 47. Ng4 Qb6 48. Nh6+ Kf8 49. Kg2 Rd6 50. Rf1 f6 51. Ng4 Kg7 52. Kh3 h5 53. Nf2 Rc4 54. Qe1 Re6 55. Qd2 Qd4 56. Qa5 Re7 57. Qd8 Rcc7 58. b4 Rcd7 0-1

[Event "Ruhrgebiet Verbandsklasse Gruppe 1 1718"]
[Site "Germany"]
[Date "2017.11.05"]
[Round "3.3"]
[White "Schwerdtfeger, Joachim"]
[Black "Grodotzki, Thomas"]
[Result "1/2-1/2"]
[WhiteElo "1858"]
[BlackElo "1941"]
[PlyCount "51"]
[EventDate "2017.09.17"]
[EventType "team-tourn"]
[EventRounds "9"]
[EventCountry "GER"]
[SourceTitle "EXT 2022"]
[Source "ChessBase"]
[SourceDate "2021.10.06"]
[SourceVersion "1"]
[SourceVersionDate "2021.10.06"]
[SourceQuality "1"]
[WhiteTeam "Oberhausen SW"]
[BlackTeam "Bergeborbeck Wacker"]
[WhiteTeamCountry "GER"]
[BlackTeamCountry "GER"]

1. e4 d5 2. exd5 Nf6 3. d4 Qxd5 4. Nf3 Bg4 5. Be2 e6 6. 0-0 Be7 7. h3 Bh5 8. c4 Qd8 9. Nc3 c6 10. Bf4 0-0 11. Qb3 Qb6 12. Rad1 Qxb3 13. axb3 Bg6 14. Rc1 Nbd7 15. Ne5 Nxe5 16. Bxe5 Rfd8 17. Rfd1 Nd7 18. Bc7 Rdc8 19. Bf4 Nf6 20. Bf3 Bb4 21. g4 h6 22. Na2 Be7 23. Nc3 Bb4 24. Na2 Be7 25. Nc3 Bb4 26. Na2 1/2-1/2

[Event "Ruhrgebiet Verbandsklasse Gruppe 1 1718"]
[Site "Germany"]
[Date "2017.10.08"]
[Round "2.3"]
[White "Grodotzki, Thomas"]
[Black "Arnold, Ulrich"]
[Result "1-0"]
[WhiteElo "1941"]
[BlackElo "1863"]
[PlyCount "53"]
[EventDate "2017.09.17"]
[EventType "team-tourn"]
[EventRounds "9"]
[EventCountry "GER"]
[SourceTitle "EXT 2022"]
[Source "ChessBase"]
[SourceDate "2021.10.06"]
[SourceVersion "1"]
[SourceVersionDate "2021.10.06"]
[SourceQuality "1"]
[WhiteTeam "Bergeborbeck Wacker"]
[BlackTeam "Drewer SG"]
[WhiteTeamCountry "GER"]
[BlackTeamCountry "GER"]

1. e4 e6 2. c4 c5 3. Nc3 Nc6 4. g3 g6 5. Bg2 Bg7 6. Nge2 Nge7 7. 0-0 d6 8. d3 a6 9. Be3 e5 10. Qd2 0-0 11. Bh6 Be6 12. Bxg7 Kxg7 13. f4 f5 14. b3 Qd7 15. Na4 Qc7 16. fxe5 Nxe5 17. d4 Nd7 18. Nf4 Bf7 19. Nc3 Nf6 20. Rae1 Rad8 21. d5 Rfe8 22. Bh3 h6 23. exf5 Nxf5 24. Bxf5 gxf5 25. Ne6+ Bxe6 26. dxe6 Kg6 27. Nd5 1-0

[Event "Ruhrgebiet Verbandsklasse Gruppe 3 1516"]
[Site "Germany"]
[Date "2016.03.20"]
[Round "8.3"]
[White "Delvos, Thorsten"]
[Black "Grodotzki, Thomas"]
[Result "1/2-1/2"]
[WhiteElo "1977"]
[BlackElo "1912"]
[PlyCount "37"]
[EventDate "2015.09.06"]
[EventType "team-tourn"]
[EventRounds "9"]
[EventCountry "GER"]
[SourceTitle "EXT 2022"]
[Source "ChessBase"]
[SourceDate "2021.10.06"]
[SourceVersion "1"]
[SourceVersionDate "2021.10.06"]
[SourceQuality "1"]
[WhiteTeam "Mengede SG"]
[BlackTeam "Bergeborbeck Wacker"]
[WhiteTeamCountry "GER"]
[BlackTeamCountry "GER"]

1. d4 Nf6 2. c4 c5 3. d5 b5 4. a4 bxc4 5. Nc3 d6 6. e4 g6 7. Bxc4 Bg7 8. Nf3 0-0 9. h3 Ba6 10. Bb5 Qc8 11. 0-0 Nbd7 12. Bg5 h6 13. Be3 Bxb5 14. axb5 a6 15. bxa6 Rxa6 16. Qe2 Rxa1 17. Rxa1 Qb7 18. Ra5 Ra8 19. Qb5 1/2-1/2

[Event "Ruhrgebiet Verbandsklasse Gruppe 3 1516"]
[Site "Germany"]
[Date "2015.09.06"]
[Round "1.3"]
[White "Birdaini, Becir"]
[Black "Grodotzki, Thomas"]
[Result "1-0"]
[WhiteElo "1998"]
[BlackElo "1918"]
[PlyCount "51"]
[EventDate "2015.09.06"]
[EventType "team-tourn"]
[EventRounds "9"]
[EventCountry "GER"]
[SourceTitle "EXT 2022"]
[Source "ChessBase"]
[SourceDate "2021.10.06"]
[SourceVersion "1"]
[SourceVersionDate "2021.10.06"]
[SourceQuality "1"]
[WhiteTeam "Altenessen"]
[BlackTeam "Bergeborbeck Wacker"]
[WhiteTeamCountry "GER"]
[BlackTeamCountry "GER"]

1. e4 Nc6 2. Nf3 d6 3. d4 Bg4 4. c3 Nf6 5. Bd3 e5 6. d5 Ne7 7. Bg5 h6 8. Bxf6 gxf6 9. h3 Bd7 10. Nh4 c6 11. c4 cxd5 12. cxd5 f5 13. Nxf5 Nxf5 14. exf5 Qg5 15. g4 h5 16. Rg1 hxg4 17. hxg4 Rh3 18. Nc3 a6 19. Ne4 Qf4 20. Qe2 Rc8 21. Rd1 Kd8 22. Qd2 Qxd2+ 23. Kxd2 Bh6+ 24. Ke2 Rxd3 25. Rxd3 Rc2+ 26. Kf3 1-0

[Event "NRW Verbandsklasse Group3 1314"]
[Site "Nordrheinwestfalen"]
[Date "2014.02.16"]
[Round "7.1"]
[White "Schwarz, Ingo"]
[Black "Grodotzki, Thomas"]
[Result "1/2-1/2"]
[WhiteElo "1874"]
[BlackElo "1991"]
[PlyCount "85"]
[EventDate "2013.09.08"]
[EventType "team-tourn"]
[EventRounds "9"]
[EventCountry "GER"]
[SourceTitle "EXT 2020"]
[Source "ChessBase"]
[SourceDate "2019.10.17"]
[SourceVersion "1"]
[SourceVersionDate "2019.10.17"]
[SourceQuality "1"]
[WhiteTeam "Dortmund FS 98 II"]
[BlackTeam "Wacker Bergeborbeck"]
[WhiteTeamCountry "GER"]
[BlackTeamCountry "GER"]

1. g3 e5 2. Bg2 d5 3. f3 Nc6 4. Nh3 h5 5. Nf2 h4 6. g4 Bc5 7. e3 Nf6 8. h3 Qe7 9. 0-0 Bd7 10. Re1 0-0-0 11. d4 Bb6 12. c3 Rhe8 13. Bd2 Kb8 14. Na3 Bc8 15. Nc2 Qd6 16. b4 Ne7 17. dxe5 Qxe5 18. f4 Qd6 19. Nd4 c6 20. Nf3 Ne4 21. Nxe4 dxe4 22. Nd4 Nd5 23. Qc2 f5 24. g5 c5 25. bxc5 Bxc5 26. Rab1 Re7 27. Kh1 Bxd4 28. cxd4 Rc7 29. Qb2 Ka8 30. Bf1 Bd7 31. Rec1 Bc6 32. Bb5 b6 33. Bxc6+ Rxc6 34. Rxc6 Qxc6 35. Rc1 Qd6 36. Qb3 Kb7 37. a4 Rc8 38. Rxc8 Kxc8 39. Be1 Qc6 40. Bxh4 Qc1+ 41. Kh2 Qd2+ 42. Kh1 Nxe3 43. Qe6+ 1/2-1/2

[Event "Ruhrgebiet VK3 1213"]
[Site "Nordrheinwestfalen"]
[Date "2013.02.24"]
[Round "7"]
[White "Freisen, Thomas"]
[Black "Grodotzki, Thomas"]
[Result "1/2-1/2"]
[WhiteElo "2000"]
[BlackElo "2037"]
[PlyCount "36"]
[EventDate "2012.09.02"]
[EventType "team-tourn"]
[EventRounds "9"]
[EventCountry "GER"]
[SourceTitle "EXT 2020"]
[Source "ChessBase"]
[SourceDate "2019.10.17"]
[SourceVersion "1"]
[SourceVersionDate "2019.10.17"]
[SourceQuality "1"]
[WhiteTeam "Guennigfeld SV"]
[BlackTeam "Wacker Bergeborbeck"]
[WhiteTeamCountry "GER"]
[BlackTeamCountry "GER"]

1. d4 Nf6 2. c4 c5 3. Nf3 cxd4 4. Nxd4 g6 5. Nc3 Bg7 6. e4 d6 7. Be2 0-0 8. 0-0 Nc6 9. Be3 Nxd4 10. Bxd4 b6 11. Qd2 Bb7 12. f3 Qc8 13. Rac1 Qe6 14. Be3 Rfc8 15. Rc2 Nd7 16. Rfc1 Ba6 17. Nd5 Nf6 18. Nf4 Qd7 1/2-1/2

[Event "Ruhrgebiet VK3 1112"]
[Site "Nordrheinwestfalen"]
[Date "2012.02.12"]
[Round "6.1"]
[White "Grodotzki, Thomas"]
[Black "Zachos, Ingo"]
[Result "1-0"]
[WhiteElo "2003"]
[BlackElo "1778"]
[PlyCount "35"]
[EventDate "2012.09.18"]
[EventType "team-tourn"]
[EventRounds "9"]
[EventCountry "GER"]
[SourceTitle "EXT 2020"]
[Source "ChessBase"]
[SourceDate "2019.10.17"]
[SourceVersion "1"]
[SourceVersionDate "2019.10.17"]
[SourceQuality "1"]
[WhiteTeam "Wacker Bergeborbeck"]
[BlackTeam "Eichlinghofen SV II"]
[WhiteTeamCountry "GER"]
[BlackTeamCountry "GER"]

1. e4 d6 2. d4 Nf6 3. Nc3 g6 4. Be3 c6 5. f3 b5 6. Qd2 Nbd7 7. Bd3 Bg7 8. Nge2 a6 9. 0-0 0-0 10. Nd1 e5 11. c3 d5 12. Nf2 Qe7 13. Bg5 Qd6 14. f4 dxe4 15. fxe5 Nxe5 16. dxe5 Qxe5 17. Bxf6 Bxf6 18. Bxe4 1-0

[Event "Ruhrgebiet VK3 1112"]
[Site "Nordrheinwestfalen"]
[Date "2011.10.09"]
[Round "2"]
[White "Grodotzki, Thomas"]
[Black "Mallee, Ralph"]
[Result "1-0"]
[WhiteElo "2003"]
[BlackElo "2135"]
[PlyCount "87"]
[EventDate "2012.09.18"]
[EventType "team-tourn"]
[EventRounds "9"]
[EventCountry "GER"]
[SourceTitle "EXT 2020"]
[Source "ChessBase"]
[SourceDate "2019.10.17"]
[SourceVersion "1"]
[SourceVersionDate "2019.10.17"]
[SourceQuality "1"]
[WhiteTeam "Wacker Bergeborbeck"]
[BlackTeam "Dortmund SV"]
[WhiteTeamCountry "GER"]
[BlackTeamCountry "GER"]

1. e4 e5 2. Nf3 Nc6 3. Nc3 g6 4. d4 exd4 5. Nxd4 Bg7 6. Be3 d6 7. Qd2 Nf6 8. 0-0-0 0-0 9. f3 Nxd4 10. Bxd4 Be6 11. g4 a6 12. Be3 Re8 13. Be2 b5 14. a3 Qe7 15. Bg5 Qf8 16. h4 h6 17. Bxh6 Bxh6 18. g5 Nh5 19. gxh6 Kh7 20. f4 Qxh6 21. Bxh5 Qxh5 22. f5 gxf5 23. exf5 Qxf5 24. Rdf1 Qg6 25. Rhg1 Qh6 26. Ne4 Qxd2+ 27. Kxd2 Kh8 28. Rf6 Kh7 29. Ng5+ Kg7 30. Rxe6 fxe6 31. Nxe6+ Kf6 32. Nxc7 Rh8 33. Nxa8 Rxa8 34. h5 Rh8 35. Rg6+ Ke5 36. h6 Kd5 37. Kd3 Kc5 38. Rg5+ d5 39. Rh5 Rh7 40. c3 a5 41. b3 b4 42. axb4+ axb4 43. c4 Rxh6 44. Rxh6 1-0

[Event "Ruhrgebiet VK3 0910"]
[Site "Ruhrgebiet"]
[Date "2009.11.08"]
[Round "3.4"]
[White "Grodotzki, Thomas"]
[Black "Gritzan, Ulrich"]
[Result "1-0"]
[WhiteElo "1969"]
[BlackElo "1804"]
[PlyCount "43"]
[EventDate "2009.09.06"]
[EventType "team"]
[EventRounds "9"]
[EventCountry "GER"]
[SourceTitle "EXT 2011"]
[Source "ChessBase"]
[SourceDate "2010.11.26"]
[SourceVersion "1"]
[SourceVersionDate "2010.11.26"]
[SourceQuality "1"]
[WhiteTeam "Wacker Bergeborbeck"]
[BlackTeam "Gelsenkirchen"]
[WhiteTeamCountry "GER"]
[BlackTeamCountry "GER"]

1. e4 c5 2. Nf3 d6 3. Bb5+ Bd7 4. Bxd7+ Nxd7 5. 0-0 Ngf6 6. Re1 g6 7. c3 Bg7 8. d4 0-0 9. h3 Rc8 10. e5 Ne8 11. Bg5 dxe5 12. dxe5 f6 13. exf6 exf6 14. Bf4 Nb6 15. Nbd2 Nd6 16. Nf1 Nf5 17. g4 Nd5 18. Bh2 Nfe7 19. c4 Re8 20. cxd5 Qxd5 21. Rxe7 Qxd1 22. Rxe8+ 1-0

[Event "Ruhrgebiet VK3 0910"]
[Site "Ruhrgebiet"]
[Date "2009.09.06"]
[Round "1.4"]
[White "Grodotzki, Thomas"]
[Black "Krueger, Erich"]
[Result "1-0"]
[WhiteElo "1969"]
[BlackElo "2244"]
[PlyCount "95"]
[EventDate "2009.09.06"]
[EventType "team"]
[EventRounds "9"]
[EventCountry "GER"]
[SourceTitle "EXT 2011"]
[Source "ChessBase"]
[SourceDate "2010.11.26"]
[SourceVersion "1"]
[SourceVersionDate "2010.11.26"]
[SourceQuality "1"]
[WhiteTeam "Wacker Bergeborbeck"]
[BlackTeam "Katernberg III"]
[WhiteTeamCountry "GER"]
[BlackTeamCountry "GER"]

1. e4 c6 2. d4 d5 3. exd5 cxd5 4. Bd3 Nc6 5. c3 Qc7 6. Qb3 Nf6 7. Bg5 e6 8. Nf3 Bd6 9. Nbd2 Bd7 10. 0-0 Rc8 11. Rfe1 0-0 12. Bxf6 gxf6 13. g3 Kh8 14. Nh4 Rg8 15. Qd1 Rg5 16. Qf3 f5 17. Ng2 Rcg8 18. Nf1 f4 19. Kh1 f5 20. Bb5 fxg3 21. fxg3 Nxd4 22. cxd4 Bxb5 23. Rac1 Qf7 24. Rc3 Rg4 25. Qf2 Bb4 26. Nf4 Bxc3 27. bxc3 Re8 28. Nd2 Qf6 29. Qe3 Qh6 30. Qe5+ Kg8 31. Kg2 Rxf4 32. gxf4 Bd3 33. Re3 Bc2 34. Qc7 Kf8 35. Rg3 Re7 36. Qb8+ Re8 37. Qxb7 Be4+ 38. Nxe4 fxe4 39. Qxa7 Re7 40. Qb8+ Re8 41. Rg8+ Kxg8 42. Qxe8+ Kg7 43. Qe7+ Kh8 44. Qg5 Qf8 45. Qe5+ Kg8 46. Qxe6+ Kg7 47. Qe5+ Kg6 48. Qg5+ 1-0

[Event "Ruhrgebiet VK3 0708"]
[Site "Germany"]
[Date "2007.10.21"]
[Round "2.5"]
[White "Grodotzki, Thomas"]
[Black "Schmitz, Martin"]
[Result "1-0"]
[WhiteElo "1994"]
[BlackElo "1958"]
[PlyCount "97"]
[EventDate "2007.09.16"]
[EventType "team"]
[EventRounds "9"]
[EventCountry "GER"]
[SourceTitle "EXT 2009"]
[Source "ChessBase"]
[SourceDate "2008.11.26"]
[SourceVersion "1"]
[SourceVersionDate "2008.11.26"]
[SourceQuality "1"]
[WhiteTeam "Bergeborbeck Wacker"]
[BlackTeam "Dortmund FS 98"]
[WhiteTeamCountry "GER"]
[BlackTeamCountry "GER"]

1. e4 c5 2. Nf3 e6 3. Nc3 a6 4. g3 b5 5. Bg2 Bb7 6. d3 d6 7. 0-0 Nf6 8. Qe2 Nbd7 9. Bd2 Be7 10. Nh4 b4 11. Nd1 Ng8 12. Nf3 h5 13. h4 Ngf6 14. Ng5 Qb6 15. Ne3 0-0 16. Bh3 Qc6 17. f4 d5 18. e5 Ng4 19. Nxg4 hxg4 20. Bxg4 c4 21. dxc4 dxc4 22. Bf3 Qb6+ 23. Be3 Bxf3 24. Qxf3 Qxe3+ 25. Qxe3 Bc5 26. Kf2 Rfd8 27. Ne4 Bxe3+ 28. Kxe3 Nb6 29. Nd6 Nd5+ 30. Kd4 c3 31. b3 a5 32. a4 bxa3 33. Rxa3 Rdb8 34. Rfa1 Nb4 35. Kxc3 Rc8+ 36. Nc4 Nd5+ 37. Kd2 Rd8 38. Nd6 Ne7 39. Rxa5 Rxa5 40. Rxa5 Nf5 41. c4 Nxg3 42. c5 Nf5 43. b4 Nd4 44. Kd3 Nc6 45. Ra4 f6 46. b5 Ne7 47. c6 Nd5 48. Rd4 fxe5 49. Rxd5 1-0

[Event "Ruhrgebiet VK2 0001"]
[Site "Ruhrgebiet"]
[Date "2001.03.18"]
[Round "7"]
[White "Grodotzki, Thomas"]
[Black "Keiter, Rodan"]
[Result "1/2-1/2"]
[WhiteElo "2078"]
[BlackElo "1923"]
[PlyCount "59"]
[EventDate "2000.09.17"]
[EventType "team-tourn"]
[EventRounds "9"]
[EventCountry "GER"]
[SourceTitle "EXT 2023"]
[Source "ChessBase"]
[SourceDate "2022.10.05"]
[SourceVersion "1"]
[SourceVersionDate "2022.10.05"]
[SourceQuality "1"]
[WhiteTeam "Bergeborbeck Wacker"]
[BlackTeam "Linden Sued"]
[WhiteTeamCountry "GER"]
[BlackTeamCountry "GER"]

1. e4 e6 2. d4 d5 3. exd5 exd5 4. Bd3 Bd6 5. Ne2 Nf6 6. Bg5 0-0 7. Qd2 Be6 8. Nbc3 c6 9. 0-0-0 b5 10. Nf4 Nbd7 11. Nce2 a5 12. Nh5 b4 13. Nef4 a4 14. Nxe6 fxe6 15. Qe3 Re8 16. Qh3 g6 17. Nxf6+ Nxf6 18. Rhe1 Qe7 19. Qh4 Rf8 20. Re3 Qf7 21. Rf3 Be7 22. Kb1 c5 23. dxc5 e5 24. Bb5 e4 25. Rh3 Rfc8 26. c4 Rxc5 27. Be3 Rcc8 28. cxd5 Nxd5 29. Qxe4 Nxe3 30. Rxe3 1/2-1/2